| 000 | 00412cam a2200169ua 4500 | ||
|---|---|---|---|
| 020 | _c2.00 | ||
| 041 |
_ahin _h |
||
| 082 |
_a891.43 _bSHU/TH |
||
| 100 | _aShukdev, Prasad singh . | ||
| 245 |
_aThik khao swasth raho / _cPrasadh singh shukdev. _hTextual Documents |
||
| 260 |
_a : _bHealth and diet , _c1962. |
||
| 300 | _a52 ; . | ||
| 365 | _a2.00 | ||
| 504 | _a | ||
| 942 | _cBK | ||
| 999 |
_c3434 _d3434 |
||